000 00340 a2200157 4500
001 172897
020 _a
040 _cMagnum
100 _aBueno, Maria Celia
240 1 0 _aZé caracol dá uma freiada
_lpor
245 1 0 _aZé caracol dá uma freiada
300 _a12
362 0 _a1992
697 _aLITERATURA INFANTIL
942 _cBK
999 _c172897
_d172897